书目信息 |
| 题名: |
精细化工中间体
|
|
| 作者: | 汪多仁 著 | |
| 分册: | ||
| 出版信息: | 北京 海洋出版社 2008.1 |
|
| 页数: | 390页 | |
| 开本: | 23cm | |
| 丛书名: | 生态安全环保产品系列 | |
| 单 册: | ||
| 中图分类: | TQ610.6 | |
| 科图分类: | ||
| 主题词: | 精细化工--中间体--无污染工艺 , 精细化工 , 中间体 , 无污染工艺 | |
| 电子资源: | ||
| ISBN: | 978-7-5027-6962-8 | |
| 000 | 00893nam 2200289 450 | |
| 001 | 0400003727 | |
| 005 | 20171022131319.0 | |
| 010 | @a978-7-5027-6962-8@dCNY42.00 | |
| 100 | @a20080102e20162008em y0chiy50 ea | |
| 101 | 0 | @achi |
| 102 | @aCN@b110000 | |
| 105 | @ay z 000yy | |
| 106 | @ar | |
| 200 | 1 | @a精细化工中间体@9jing xi hua gong zhong jian ti@f汪多仁著 |
| 210 | @a北京@c海洋出版社@d2008.1@h2016.4 | |
| 215 | @a390页@d23cm | |
| 225 | 2 | @a生态安全环保产品系列 |
| 330 | @a本书对常见精细化工中间体的制备、应用、国内外生产、消费情况,老产品的新工艺、新用途以及新产品作了详细的介绍。 | |
| 461 | 0 | @12001 @a生态安全环保产品系列 |
| 606 | 0 | @a精细化工@x中间体@x无污染工艺 |
| 606 | 0 | @a精细化工 |
| 606 | 0 | @a中间体 |
| 606 | 0 | @a无污染工艺 |
| 690 | @aTQ610.6@v4 | |
| 701 | 0 | @a汪多仁@9wang duo ren@4著 |
| 801 | 0 | @aCN@b91MARC@c20171022 |
| 905 | @b1023050-4@dTQ610.6@f5@e64 | |
| 精细化工中间体/汪多仁著.-北京:海洋出版社,2008.1(2016.4) |
| 390页;23cm.-(生态安全环保产品系列) |
| ISBN 978-7-5027-6962-8:CNY42.00 |
| 本书对常见精细化工中间体的制备、应用、国内外生产、消费情况,老产品的新工艺、新用途以及新产品作了详细的介绍。 |
| ● |
| 相关链接 |
|
|
|
|
正题名:精细化工中间体
索取号:TQ610.6/64
 
预约/预借
| 序号 | 登录号 | 条形码 | 馆藏地/架位号 | 状态 | 备注 |
| 1 | 1023050 | 210230506 | 第二样本阅览室/ [索取号:TQ610.6/64] | 在馆 | |
| 2 | 1023051 | 210230515 | 密集书库-化学系/ [索取号:TQ610.6/64] | 在馆 | |
| 3 | 1023052 | 210230524 | 第三借阅区/ [索取号:TQ610.6/64] | 在馆 | |
| 4 | 1023053 | 210230533 | 第三借阅区/ [索取号:TQ610.6/64] | 在馆 | |
| 5 | 1023054 | 210230542 | 第三借阅区/ [索取号:TQ610.6/64] | 在馆 |